Statistics for 2023-24 MATCH THE BUNDESLIGA PLAYER WITH THE CLUB

Click here to take the quiz!

General Stats

  • This quiz has been taken 43 times
  • The average score is 32 of 52

Answer Stats

HintAnswer% Correct
Karim AdeyemiDortmund
95%
Sven UlreichBayern Munich
85%
Randal Kolo MuaniEintracht Frankfurt
85%
Alejandro GrimaldoBayer Leverkusen
79%
Granit XhakaBayer Leverkusen
79%
Ryan GravenberchBayern Munich
79%
Jonas HofmannBayer Leverkusen
77%
Noussair MazraouiBayern Munich
77%
Konrad LaimerBayern Munich
77%
Nico SchlotterbeckDortmund
77%
Mario GötzeEintracht Frankfurt
77%
Loïs OpendaRB Leipzig
77%
Sébastien HallerDortmund
74%
David RaumRB Leipzig
74%
Robin GosensUnion Berlin
74%
Serhou GuirassyVfB Stuttgart
74%
Benjamin HenrichsRB Leipzig
72%
Jesper LindstromEintracht Frankfurt
69%
Andrej KramaricTSG Hoffenheim
69%
Marcel SabitzerDortmund
67%
Xavi SimonsRB Leipzig
67%
Florian KainzKoln
64%
Ridle BakuVfL Wolfsburg
64%
Leonardo BittencourtWerder Bremen
62%
Adam HlozekBayer Leverkusen
59%
Timothy Fosu-MensahBayer Leverkusen
59%
Kevin VollandUnion Berlin
59%
Takuma AsanoVfL Bochum
59%
Julian WeiglMonchengladbach
56%
Roland SallaiSC Freiburg
56%
Dan-Axel ZagadouVfB Stuttgart
56%
Alexander NübelVfB Stuttgart
56%
Jonas WindVfL Wolfsburg
56%
Ritsu DoanSC Freiburg
54%
Robert SkovTSG Hoffenheim
54%
Brenden AaronsonUnion Berlin
54%
Lovro MajerVfL Wolfsburg
54%
Mitchell WeiserWerder Bremen
54%
Michael GregoritschSC Freiburg
51%
Maximilian EggesteinSC Freiburg
51%
Florian GrillitschTSG Hoffenheim
51%
Ozan KabakTSG Hoffenheim
51%
Joakim MaehleVfL Wolfsburg
49%
Felix UduokhaiFC Augsburg
46%
Jérôme RoussillonUnion Berlin
46%
Philipp MaxEintracht Frankfurt
41%
Luca WaldschmidtKoln
41%
Maximilian WöberMonchengladbach
38%
John BrooksTSG Hoffenheim
38%
Mergim BerishaFC Augsburg
33%
Danny da CostaMainz
33%
Sven MichelFC Augsburg
26%

Score Distribution

Percentile by Number Answered

Percent of People with Each Score

Your Score History

You have not taken this quiz